000 00707nam a2200217 a 4500
999 _c9888
_d9888
001 9888
003 BD-JhCC
005 20180403094529.0
008 180403s1369 bg |||| ||a| 000 0 ben d
035 _a(BD-JhCC)9888
040 _aBD-JhCC
_dBD-JhCC
041 _aben
082 _a923
_bTHA 1369
100 _aথানেশ্বরী, মুহম্মদ জাফর
245 _aআন্দামান বন্দীর আত্মকাহিনী /
_cমুহম্মদ জাফর থানেশ্বরী,
260 _aঢাকা :
_bবাঙলা একাডেমী,
_c1369
300 _a89 p. :
_c20 cm.
650 _aBiography
942 _2ddc
_cBK